| 000 | 00673nam a2200193 a 4500 | ||
|---|---|---|---|
| 001 | 000027805 | ||
| 005 | 20240307073950.0 | ||
| 008 | 110405s1986 dr 000 0 spa d | ||
| 040 |
_aDO-SdBNP _bspa _cBNPHU |
||
| 082 |
_a324.972930021 _bM737e |
||
| 100 | 1 |
_aMonción D., Flavio _954880 |
|
| 245 | 1 | 0 |
_aEstadísticas electorales de 1986 / _cFlavio Monción D. |
| 260 |
_aSanto Domingo : _b[s.n.], _c[1986]. |
||
| 300 |
_aiv, 134 p. ; _c28 cm. |
||
| 590 | _aInventariado, 2018/BT | ||
| 650 | 4 |
_aElecciones _zRepública Dominicana _xEstadísticas _y1986 _954881 |
|
| 710 | 1 |
_aRepública Dominicana. _b Junta Central Electoral _964605 |
|
| 910 | _aValidado. Control de calidad. MFF | ||
| 999 |
_c27297 _d27297 |
||